The man with two hearts as told to the author by Arieh Klein

Bibliographic Details
Main Author: Schuster, Rudolf, 1934- (Author)
Other Authors: Resilevski-Fisch, Daniela (Translator)
Format: Book
Language:English
Slovak
PhysicalDescription:153 s., [100] s. fotogr. príl. fotogr. (prevažne fareb.) 23 cm
Published: Kosice Press Print 2011
ISBN:9788089084326
Edition:[1.vyd.]
Subjects:

MARC

LEADER 00000nam a2200000 a 4500
001 vtls010336726
003 SK-MaSNL
005 20260301213806.0
008 240318s2011 xo o e h 000 0beng
015 |a SNBA2012/04-02039 
020 |a 9788089084326  |q (viaz.) 
035 |a 45417FFA-2173-49C2-8AF8-B75581CCE1C9 
035 |a urn:nbn:sk:snk-amjjmu 
035 |a urn:nbn:sk:snk-am000y85 
040 |a SNK  |b slo  |c SNK  |e AACR2 
041 1 |a eng  |h slo 
044 |a xo  |c SK 
072 7 |a 929  |x Biografie  |2 konspekt 
080 |a 929  |2 2001 
080 |a (=411.16)  |2 2001 
080 |a 323.12"1939/1945"  |2 2001 
080 |a (0:82-94)  |2 2001 
080 |a (092)  |2 2001 
080 |a (0:82-96)  |2 2001 
100 1 |a Schuster, Rudolf,  |d 1934-  |4 aut  |9 86070 
240 1 0 |a Muž s dvoma srdcami  |l Anglicky 
245 1 4 |a The man with two hearts  |b as told to the author by Arieh Klein  |c Rudolf Schuster ; [translated: Daniela Resilevski-Fisch] 
250 |a [1.vyd.] 
260 |a Kosice  |b Press Print  |c 2011 
300 |a 153 s., [100] s. fotogr. príl.  |b fotogr. (prevažne fareb.)  |c 23 cm 
504 |a Bibliogr. s. 149-151 
600 1 7 |a Klein, Arieh,  |d 1927-  |2 SNKMA  |9 601238 
650 0 7 |a holokaust (1939-1945)  |2 SNKPH  |9 160313 
650 0 7 |a Židia  |2 SNKPH  |9 3760 
650 0 7 |a Holocaust (1939-1945)  |2 SNKPHeng  |9 164372 
650 0 7 |a Jews  |2 SNKPHeng  |9 267345 
650 0 7 |a spomienky  |2 SNKPH  |9 55795 
655 7 |a biografie  |2 SNKPH  |9 27965 
655 7 |a literatúra faktu  |2 SNKPH  |9 70526 
655 7 |a Reminiscences  |2 SNKPHeng  |9 93477 
655 7 |a Biography  |2 SNKPHeng  |9 266314 
655 7 |a Non-fiction  |2 SNKPHeng  |9 310495 
700 1 |a Resilevski-Fisch, Daniela  |4 trl  |9 601239 
919 |a 978-80-89084-32-6 
958 |a NB 
958 |a ZD 
958 |a NM 
968 |d 32 
999 |c 922751  |d 924681 
952 |a SNK  |b SNK  |y PREZ  |7 0  |p 17A0835134  |o snkSC 147928  |i snk2012/1779  |8 0  |0 0  |1 0  |4 0  |d 2012-01-23  |l 0  |r 2025-07-16 00:00:00  |w 2026-02-24 
952 |a SNK  |b SNK  |y VYP  |7 0  |p 17A0835135  |o snkSC 147928 D1  |i snk2012/1781  |8 0  |0 0  |1 0  |4 0  |d 2012-01-23  |f 1  |l 0  |r 2026-02-24 08:21:20  |w 2026-02-24